00773nam a2200193 a 450000500170000000800410001702000180005805000230007610000190009924500910011826000480020930000100025744000170026750000190028452001290030365000120043299900190044495201160046320140412111325.0000829s19uu xx 00 eng d a1-85697-188-0 aREF 030bW872 1999 aSteele, Philip aI wonder why castles had moats :band other questions about long ago /cPhilip Steele. aDanbury, Connecticut :bGrolier Inc,c1999. a32 p. aI wonder why aIncludes index aWith information and quirky facts to explain everything from 'Why did knights wear armour?' to 'Why did artist break eggs?'. aHistory c104548d104548 00104050aELbELcREFd2000-08-29eDonationl0oREF 030 W872 1999pE8220r2014-04-12 00:00:00w2014-04-12yBK